Historia de educación pública en México /

Contenido: Orígenes de la Educación Pública en México; El Porfiriato. Primera Etapa (1876-1901); Justo Sierra y la Obra Educativa del Porfiriato, 1901-1911; La Revolución Mexicana y la Educación Popular; La Creación de la Secretaría de Educación Pública; La Política Educativa de José Vasconcelos; La...

Descrizione completa

Salvato in:
Dettagli Bibliografici
Autore principale: Solana, Fernando (coord.)
Altri autori: Cardiel Reyes, Raúl (coordinación) (coordinación), Bolaños Martínez, Raúl (coordinación) (coordinación)
Natura: Libro
Lingua:spagnolo
Pubblicazione: México : Secretaría de Educación Pública : Fondo de Cultura Económica, 1982, c1981
Soggetti:
Tags: Aggiungi Tag
Nessun Tag, puoi essere il primo ad aggiungerne!!

MARC

LEADER 00000nam^a2200000^a^4500
001 000022897
005 20250521000000.0
009 20260310084513.433
020 |a 968-80-0143-0 
020 |a 968-16-0901-8 
037 |a Acervo ITESO - Biblioteca 
041 |a ESP 
082 |a 379. 972  |b SOL 
100 |a Solana, Fernando  |e (coord.) 
245 1 0 |a Historia de educación pública en México /  |c Coord. de F. Solana, R. Cardiel Reyes, R. Bolaños Martínez. 
264 4 |a México :  |b Secretaría de Educación Pública :  |c 1982, c1981  |b Fondo de Cultura Económica, 
300 |a VIII, 645 p. 
336 |a texto  |b txt  |2 rdacontenido 
337 |a sin mediación  |b n  |2 rdamedio 
338 |a volumen  |b nc  |2 rdasoporte 
520 |a Contenido: Orígenes de la Educación Pública en México; El Porfiriato. Primera Etapa (1876-1901); Justo Sierra y la Obra Educativa del Porfiriato, 1901-1911; La Revolución Mexicana y la Educación Popular; La Creación de la Secretaría de Educación Pública; La Política Educativa de José Vasconcelos; La Escuela que surge de la Revolución; La Educación Socialista; El Período de Conciliación y Consolidación, 1946-1958; El Segundo Período de Torres Bodet, 1958-1964; Los 1964-1976; La Educación Normal; La Educación Tecnológica en México; La Educación Universitaria. 
561 |a Ex libris de Núñez de la Peña 
561 |a Ex libris manuscrito de Paco Núñez 
649 |a XX 
650 |a Educación -  |z México -  |x Historia 
650 |a Educación -  |z México -  |x Historia 
650 |a Educación Pública -  |z México -  |x Historia 
700 |a Cardiel Reyes, Raúl  |e (coordinación) 
700 |a Bolaños Martínez, Raúl  |e (coordinación) 
910 |a Fondo General 
920 |a Impresos - Libros 
930 |a Colección General 
905 |a 101 
901 |a 0228970100  |b IT1  |c ACC  |i 022897  |u 20250521 
902 |a https://opac.biblio.iteso.mx/vufind/Record/000022897